Secrets of the Self(asrar-I-Khudi) (Record no. 2977)

MARC details
000 -LEADER
fixed length control field 00650nam a2200241 a 4500
020 ## - INTERNATIONAL STANDARD BOOK NUMBER
ISBN
082 00 - DEWEY DECIMAL CLASSIFICATION NUMBER
Classification number 922.97
Author Cutter IQB2
100 ## - MAIN ENTRY--AUTHOR NAME
Author name Iqbal, Mohd
245 ## - TITLE STATEMENT
Title Secrets of the Self(asrar-I-Khudi)
260 ## - PUBLICATION, DISTRIBUTION, ETC. (IMPRINT)
Place of publication London
Name of publisher Macmillan and Co.
Year of publication 1920
300 ## - PHYSICAL DESCRIPTION
Number of Pages 147p
500 ## - GENERAL NOTE
General note includes index and biblioraphy
505 2# - FORMATTED CONTENTS NOTE
Formatted contents note Conference Held at May 29th-31st, 1952, Vol.Xlil.No.4.Muslim World.
650 ## - SUBJECT ADDED ENTRY--TOPICAL TERM
Topical Term Iqbal Muhammad-Poetry
650 ## - SUBJECT ADDED ENTRY--TOPICAL TERM
Topical Term Iqbal Muhammad-Works
942 ## - ADDED ENTRY ELEMENTS (KOHA)
Koha item type Books
Holdings
Home library Current library Date acquired Cost, normal purchase price Full call number Accession Number Koha item type
Henry Martyn Institute Library Henry Martyn Institute Library 07/05/2018 100.00 922.97 IQB2 04882 Books
Henry Martyn Institute Library Henry Martyn Institute Library 07/05/2018 100.00 922.97 IQB2 014277 E-Books
                   Copyright © 2026 | Henry Martyn Institute | Hyderabad | TS-500052 | INDIA | Implemented by hmi.edu.in
Hit-Count:

Powered by Koha